Distinciones al mérito en la defensa de la riqueza forestal
Publicado:
San Jorge, núm. 79 - 80 (3r i 4rt trimestre 1970), pàg 123 :
MARC
| LEADER | 00000nam a2200000Ia 4500 | ||
|---|---|---|---|
| 001 | |||
| 008 | 160829s9999 xx 000 0 cat d | ||
| 245 | |a Distinciones al mérito en la defensa de la riqueza forestal | ||
| 260 | |a San Jorge, núm. 79 - 80 (3r i 4rt trimestre 1970), pàg 123 | ||
| 600 | 0 | |a Rubio, Enrique |9 38175 | |
| 650 | |a Calpe Arcusa, Pedro |9 45042 | ||
| 650 | |a Incendis forestals |x Premis |9 45043 | ||
| 650 | 0 | |a Pregón |9 45044 | |
| 650 | |a Unió Excursionista de Catalunya |9 45045 | ||
| 650 | |a La Vanguardia |9 45046 | ||
| 650 | |a Huerta Brocate, Francisco |9 45047 | ||
| 650 | |a Maisterra, Pascual |9 45048 | ||
| 650 | |a Guallar Corona, Ángel |9 45050 | ||
| 901 | |a Arxiu | ||
| 942 | |n 1 | ||
| 952 | |0 0 |1 0 |4 0 |7 1 |9 52323 |a Arxiu |b Arxiu |d 2016-12-01 |l 0 |r 2016-12-01 00:00:00 |w 2016-12-01 |y ARXIU | ||
| 999 | |c 56171 |d 56171 | ||